| 000 | 00764nam a22001937a 4500 | ||
|---|---|---|---|
| 003 | JO-AjAnu | ||
| 005 | 20231213123255.0 | ||
| 008 | 231213b jo ||||| |||| 00| 0 ara d | ||
| 022 | _a9789251096468 | ||
| 040 |
_bara _cJO-AjAnu _dANU |
||
| 100 |
_aPantenius، Christian _965027 _eAuthor |
||
| 245 |
_aThe FAO for Controllimg the Desert Locust in the Central Region : A Celebration of 50 Years of Service 1967 - 2017 / _cChristian Pantenius |
||
| 260 |
_aCairo : _cThe FAO Commission Controlling the Desert Locust in the Central Region، _b2017 |
||
| 300 | _a164 Pages | ||
| 500 | _aContains pictures Includes two languages (Arabic and English) | ||
| 650 | _vdesert locust-Combat | ||
| 700 |
_aMunir Butrous _965028 _eTranslator |
||
| 942 |
_2lcc _cBK _n0 |
||
| 999 |
_c33303 _d33303 |
||